000 00975 a2200265 4500
999 _c11273
_d11273
020 _a9780176532161
050 _aHD7261
_bKEL 2014
100 _aKelloway, Kevin E.
_eauthor
245 _aManagement of occupational health and safety/
_cE. Kevin Kelloway
250 _aSixth edition
264 _aToronto, Ontario:
_bNelson;
_c2014
300 _axxxiii, 395 pages;
_billustrations
336 _2rdacontent
_atext
_btxt
337 _2rdamedia
_aunmediated
_bn
338 _2rdacarrier
_avolume
_bnc
500 _aIncludes Index
505 _aPart 1: Introduction and overview; Part 2: Hazards and agents; Part 3: Interventions
520 _aHistorical development of modern occupational health and safety
650 _aIndustrial hygiene-Managemt
650 _aIndustrial safety-Management
650 _aIndustrial hygiene-Textbooks
700 _aFrancis, Lori
_eco-author
700 _aGatien, Bernadette
_eco-author
942 _2lcc
_cBK
_eSixth edition
_h7261
_iKEL
_kHD